| 000 | 00765nam a22002417a 4500 | ||
|---|---|---|---|
| 003 | UA-OsUOA | ||
| 001 | 127649 | ||
| 007 | ta | ||
| 008 | 20171208b un ||||| |||| 00| 0 ukr d | ||
| 100 | _aЧугай М. | ||
| 090 |
_a82.09(477) _bЧ-83 |
||
| 942 | _cBK | ||
| 040 |
_aUA-OsUOA _bukr _cUA-OsUOA _dUA-OsUOA |
||
| 245 |
_aНе втрачені ілюзії Віктора Гамана _bкнига-есе про письменника, який повернувся з політики в літературу |
||
| 300 | _a264 с. | ||
| 955 | _a2 | ||
| 041 | _aukr | ||
| 080 | _a82.09(477) | ||
| 020 | _a966-581-808-2 | ||
| 260 |
_aК. _bЛогос _c2007 |
||
| 650 | 7 |
_a82 Література. Літературознавство _2UDC |
|
| 999 |
_c414924 _d414924 |
||